| 000 | 00721nam a22002057a 4500 | ||
|---|---|---|---|
| 008 | 251009b ||||| |||| 00| 0 spa d | ||
| 040 |
_aAR-FvUNAJ _dAR-FvUNAJ _eaacr2 |
||
| 082 | 1 | 4 |
_214 _a616.2 |
| 245 | 0 | 0 |
_aCasos clĂnicos en medicina respiratoria / _cDaniel Colodenco, Eduardo Giugno, Guillermo Menga, Santiago Rossi. |
| 260 |
_a[Buenos Aires _bGlaxoSmithKline, _c2011. |
||
| 300 | _a165 p. | ||
| 650 | 0 |
_2dcs _921960 _aNEUMONOLOGIA |
|
| 650 | 0 |
_2dcs _94910 _aENFERMEDADES PULMONARES |
|
| 700 | 1 |
_921961 _aColodenco, Daniel |
|
| 700 | 1 |
_921962 _aGiugno, Eduardo |
|
| 700 | 1 |
_921963 _aMenga, Guillermo |
|
| 700 | 1 |
_921964 _aRossi, Santiago |
|
| 942 |
_2ddc _cLIBRO |
||
| 980 |
_62 _aVirginia Figueroa _82 _gVirginia Figueroa |
||
| 999 |
_c11139 _d11139 |
||